000 00865nam a22003017a 4500
001 BR8204818
003 BR-BrBNA
005 20230928091429.0
007 ta
008 230509b bl.||||| |||| 00| 0 por d
040 _aBR-BrBNA
_bpor
_cBiblioteca Nacional de Agricultura
041 _a(Por)
072 _aE30; E50
_b/G514
090 _ E30 BR8204818
110 1 _aMinisterio do Interior, Brasilia, DF (Brasil)
_97113
245 1 _aAcao de desenvolvimento 1979-1981 [desenvolvimento rural, Brasil]
260 3 _aBrasilia, DF (Brasil):
_c1982.
300 _a114 p.
500 _a15 tables; 10 graphs
650 _aPLANEJAMENTO REGIONAL
650 _aSANEAMENTO RURAL
650 _aMIGRACAO RURAL
650 _aHABITACAO
650 _aDESENVOLVIMENTO COMUNITARIO
650 _aFINANCIAMENTO
909 _a202309
_bLucia
_c55
_dLucia Elande
942 _cBK
999 _c33832
_d33832